Statistics for 7 Letter Pokémon Names

Click here to take the quiz!

General Stats

  • This quiz has been taken 34 times
    (32 since last reset)
  • The average score is 21 of 245

Answer Stats

RegionPokémon% Correct
Pikachu
48%
KantoIvysaur
32%
Porygon
32%
Rattata
28%
Marowak
28%
Kadabra
24%
Metapod
24%
Snorlax
24%
Jolteon
24%
Geodude
24%
Flareon
24%
Spearow
24%
Persian
24%
Venonat
24%
Diglett
24%
Glameow
20%
Suicune
20%
Chansey
20%
Rhyhorn
20%
Umbreon
20%
Nidoran
20%
Pidgeot
20%
Haunter
20%
Ariados
20%
Purugly
20%
Machamp
20%
Machoke
20%
Togetic
16%
Murkrow
16%
Steelix
16%
Groudon
16%
Tyrogue
16%
Azurill
16%
Sentret
16%
Miltank
16%
Blissey
16%
Ninjask
16%
HoennTreecko
16%
Nincada
16%
Lucario
16%
Noctowl
16%
Dratini
16%
JohtoBayleef
16%
Altaria
16%
Dugtrio
16%
Dewgong
16%
Cradily
16%
Kingler
16%
Voltorb
16%
Koffing
16%
Weezing
16%
Tangela
16%
Scyther
16%
Vibrava
16%
Moltres
16%
Omastar
16%
Leafeon
16%
Exploud
12%
Loudred
12%
Whismur
12%
Buneary
12%
Glaceon
12%
Ambipom
12%
Wailord
12%
Cherrim
12%
Seviper
12%
Bibarel
12%
SinnohTurtwig
12%
Armaldo
12%
Wingull
12%
Wailmer
12%
Shuckle
12%
Starmie
12%
Mantine
12%
Omanyte
12%
Quilava
12%
Slowbro
12%
Poliwag
12%
Sunkern
12%
Golduck
12%
Darkrai
12%
Corsola
12%
Kingdra
12%
Donphan
12%
Pupitar
12%
Grovyle
12%
Torchic
12%
Psyduck
12%
Wurmple
12%
Silcoon
12%
Cherubi
8%
Jirachi
8%
Shelgon
8%
Grubbin
8%
Luvdisc
8%
Gallade
8%
KalosChespin
8%
Zygarde
8%
Sylveon
8%
Shellos
8%
Froakie
8%
Gliscor
8%
Walrein
8%
Bronzor
8%
Heatran
8%
Weavile
8%
Mesprit
8%
Huntail
8%
Lopunny
8%
Snorunt
8%
Goldeen
8%
Tropius
8%
Flaaffy
8%
Lanturn
8%
Drowzee
8%
Sneasel
8%
Linoone
8%
Cascoon
8%
Nuzleaf
8%
Shiftry
8%
Swellow
8%
Surskit
8%
Seaking
8%
Breloom
8%
Taillow
8%
Slakoth
8%
Grumpig
8%
Duskull
8%
Banette
8%
Shuppet
8%
Slaking
8%
Milotic
8%
Anorith
8%
Claydol
8%
Solrock
8%
Kecleon
8%
Sableye
8%
Roselia
8%
Volbeat
8%
Torkoal
8%
Zoroark
4%
Mimikyu
4%
Zeraora
4%
Cosmoem
4%
Lampent
4%
Haxorus
4%
Cubchoo
4%
Bisharp
4%
Rufflet
4%
Braixen
4%
Steenee
4%
Sliggoo
4%
Delphox
4%
Stufful
4%
Mudbray
4%
Aurorus
4%
Furfrou
4%
Popplio
4%
Swirlix
4%
Brionne
4%
GalarGrookey
4%
Yveltal
4%
Pansage
4%
Manaphy
4%
Pansear
4%
Panpour
4%
Blitzle
4%
Boldore
4%
Morpeko
4%
Pignite
4%
Xerneas
4%
Yanmega
4%
Mantyke
4%
Finneon
4%
Drapion
4%
Skorupi
4%
Happiny
4%
Pikipek
0%
Urshifu
0%
Yungoos
0%
AlolaDartrix
0%
Diancie
0%
Toxapex
0%
Falinks
0%
Dottler
0%
Milcery
0%
Drednaw
0%
Skwovet
0%
Thievul
0%
Dubwool
0%
Chewtle
0%
Poipole
0%
Kartana
0%
Boltund
0%
Cursola
0%
Hakamo-o
0%
Hatenna
0%
Jangmo-o
0%
Hattrem
0%
Bruxish
0%
Blipbug
0%
Morgrem
0%
Flapple
0%
Shelmet
0%
Noivern
0%
Timburr
0%
Scraggy
0%
Crustle
0%
Dwebble
0%
Sandile
0%
Petilil
0%
Tympole
0%
Gurdurr
0%
Drilbur
0%
Gothita
0%
Swoobat
0%
Liepard
0%
Herdier
0%
Watchog
0%
Servine
0%
UnovaVictini
0%
Shaymin
0%
Scrafty
0%
Solosis
0%
Avalugg
0%
Florges
0%
Carbink
0%
Dedenne
0%
Binacle
0%
Malamar
0%
Honedge
0%
Pangoro
0%
Pancham
0%
Floette
0%
Duosion
0%
Flabébé
0%
Heatmor
0%
Vullaby
0%
Mienfoo
0%
Beartic
0%
Fraxure
0%
Litwick
0%
Foongus
0%
Calyrex
0%

Score Distribution

Percentile by Number Answered

Percent of People with Each Score

Your Score History

You have not taken this quiz since the last reset